000 00595nam a2200193Ia 4500
003 GCL
008 140319s9999 xx 000 0 ara d
040 _aGCL /
_cGCL
082 0 4 _a912.5661
_bج ب
100 1 _aجامعة بيروت العربية
245 1 0 _aبيروت 1875_1975 خرائط وصور /
_cجامعة بيروت العربية
260 _a[S.N] :
_bجامعة بيروت العربية ،
_c1977
300 _a48 ص
490 _aجامعة بيروت العربية
_v0
650 0 4 _aبيروت
650 0 4 _aالخرائط
650 0 4 _aالصور
942 _2ddc
_cBK
999 _c36662
_d36662